000 00517nam a22001937a 4500
003 KOHA_MİRAKIL
005 20251105141500.0
008 251105b tu ||||| |||| 00| 0 tur d
020 _a9786051595795
040 _aTR-AnABB
_btur
_cTR-AnABB
041 _atur
082 _a297.8
_bIMA 2021
100 _aİmam Gazali
245 1 0 _aPeygamber ahlakı /
_cİmam Gazali
260 _aİstanbul :
_bSemerkant Yayınları,
_c2021
300 _a92 sayfa ;
_c14 cm
650 0 0 _aDin, İslam
942 _2ddc
_cBK
999 _c9281
_d9281
900 _bGizem YORULMAZ